| 000 | 00339nam a22001457a 4500 | ||
|---|---|---|---|
| 003 | OSt | ||
| 005 | 20220204102812.0 | ||
| 008 | 220204b |||||||| |||| 00| 0 eng d | ||
| 020 | _a9788177589023 | ||
| 040 | _cH U | ||
| 082 |
_25th _a621.433 |
||
| 100 |
_aSaravanamuttoo Hih _912341 |
||
| 245 | _aGas Turbine Theory | ||
| 942 |
_2ddc _cBOOKS _n0 |
||
| 999 |
_c29252 _d29252 |
||